00374cam a22001217a 4500008004000000082001500040100002000055245008700075260002400162300001000186440002900196650002700225180718b1938 xxu||||| |||| 00| 0 eng d aYA053 B358 aBeadnell, C. M. aDictionary of scientific terms: as used in the various sciencescby C. M. Beadnell aLondonbWattsc1938 a235p. aThinker's Library No. 65 aScience --Dictionaries